ՀՀ Գիտությունների ազգային ակադեմիայի հիմնարար գիտական գրադարան  =   Fundamental Scientific Library of NAS RA

Этиология, эпидемиология, лечение, профилактика гриппа и других респираторных инфекций : (Record no. 387808)

MARC details
000 -LEADER
fixed length control field 01265nam a2200217 a 4500
001 - CONTROL NUMBER
control field 000009869
003 - CONTROL NUMBER IDENTIFIER
control field AM-YeHGA
005 - DATE AND TIME OF LATEST TRANSACTION
control field 20250617153251.0
008 - FIXED-LENGTH DATA ELEMENTS--GENERAL INFORMATION
fixed length control field 030212s1978 ai r 000 0 rus d
040 ## - CATALOGING SOURCE
Original cataloging agency AM-YeHGA
090 ## - LOCALLY ASSIGNED LC-TYPE CALL NUMBER (OCLC); LOCAL CALL NUMBER (RLIN)
-- 389798
245 00 - TITLE STATEMENT
Title Этиология, эпидемиология, лечение, профилактика гриппа и других респираторных инфекций :
Remainder of title Материалы 2-го совещания экспертов социалистических стран по гриппу (апрель, 1977 г.) /
Statement of responsibility, etc. МЗ СССР, Всесоюзный НИИ института гриппа.
246 15 - VARYING FORM OF TITLE
Title proper/short title Etology, epidemiology, treatment and prophylaxis of influenza and other respiratory infections
260 ## - PUBLICATION, DISTRIBUTION, ETC.
Place of publication, distribution, etc. Ленинград :
Name of publisher, distributor, etc. Изд-во ВНИИ гриппа МЗ СССР,
Date of publication, distribution, etc. 1978.
300 ## - PHYSICAL DESCRIPTION
Extent 180 с. :
Other physical details табл., ;
Dimensions 20 см.
504 ## - BIBLIOGRAPHY, ETC. NOTE
Bibliography, etc. note Список лит. в конце статей
650 14 - SUBJECT ADDED ENTRY--TOPICAL TERM
Topical term or geographic name entry element Инфекционные болезни
650 14 - SUBJECT ADDED ENTRY--TOPICAL TERM
Topical term or geographic name entry element Грипп- профилактика
650 14 - SUBJECT ADDED ENTRY--TOPICAL TERM
Topical term or geographic name entry element Респираторные инфекции - этиология
710 2# - ADDED ENTRY--CORPORATE NAME
Corporate name or jurisdiction name as entry element Всесоюзный научно-исследовательский институт гриппа
Holdings
Withdrawn status Lost status Source of classification or shelving scheme Damaged status Not for loan Collection Home library Current library Date acquired Total checkouts Full call number Barcode Date last seen Price effective from Koha item type Public note
    Universal Decimal Classification     General Fundamental Scientific Library Fundamental Scientific Library 03/08/2017   PII/437363 FL0451994 03/08/2017 03/08/2017 Գրքեր / Books 30 Days Loan


ՀՀ ԳԱԱ հիմնարար գիտական գրադարան
ՀՀ,Երևան 0019
Մարշալ Բաղրամյան 24/6
հեռախոս:(374-10) 52-47-50
Հետադարձ կապ

All site content, except where otherwise noted, is licensed under a
Creative Commons License